[Event "Sharjah Ramadan op rapid"]
[Site "Sharjah"]
[Date "2019.05.13"]
[Round "1"]
[White "Pabalan, Rocky"]
[Black "Archit, Vimal"]
[Result "1-0"]
[WhiteElo "2040"]
[BlackElo "1081"]
[PlyCount "137"]
[EventDate "2019.05.13"]
[EventType "swiss (rapid)"]
[EventRounds "9"]
[EventCountry "UAE"]
[SourceTitle "CBM 190 Extra"]
[Source "ChessBase"]
[SourceDate "2019.07.15"]
[SourceVersion "1"]
[SourceVersionDate "2019.07.15"]
[SourceQuality "1"]

1. Nf3 Nf6 2. d4 e6 3. b3 d5 4. Bb2 Be7 5. Nbd2 0-0 6. e3 b6 7. Bd3 Bb7 8. Ne5 Nbd7 9. 0-0 Ne4 10. c4 c5 11. Nxd7 Qxd7 12. Bxe4 dxe4 13. dxc5 Bxc5 14. Qc2 Qd3 15. Qc1 Bb4 16. Rd1 Rfd8 17. Nf1 Qxd1 18. Qxd1 Rxd1 19. Rxd1 Bc6 20. a3 Bf8 21. b4 Ba4 22. Rc1 Rc8 23. Ng3 f5 24. Bd4 a5 25. Bxb6 axb4 26. axb4 Bxb4 27. c5 Ba3 28. Ra1 Bxc5 29. Bxc5 Rxc5 30. Rxa4 Rc1+ 31. Nf1 Kf7 32. g3 g5 33. Kg2 e5 34. Nd2 Rc2 35. Nc4 f4 36. gxf4 exf4 37. exf4 gxf4 38. Nd6+ Ke6 39. Nxe4 Ke5 40. Ng5 h5 41. Nf3+ Kd5 42. Rxf4 Rc8 43. Rf5+ Ke4 44. Rxh5 Rg8+ 45. Rg5 Rf8 46. Nh4 Kf4 47. Ng6+ Kxg5 48. Nxf8 Kg4 49. h3+ Kh4 50. Ng6+ Kg5 51. Ne5 Kf5 52. Nd3 Kg5 53. Kg3 Kf5 54. h4 Kg6 55. Kg4 Kh6 56. h5 Kh7 57. Kg5 Kg7 58. Nf4 Kg8 59. Kg6 Kh8 60. Ne6 Kg8 61. f4 Kh8 62. f5 Kg8 63. h6 Kh8 64. Ng5 Kg8 65. f6 Kh8 66. Nf7+ Kg8 67. h7+ Kf8 68. Ne5 Ke8 69. h8R# 1-0